Segmentación de los e-consumidores: un estudio aplicado a partir de las perspectivas de uso de Internet (Record no. 178048)

MARC details
000 -CABECERA
campo de control de longitud fija 02306nab a2200325 a 4500
005 - FECHA Y HORA DE LA ÚLTIMA TRANSACCIÓN
campo de control 20260205112243.0
008 - ELEMENTOS DE LONGITUD FIJA--INFORMACIÓN GENERAL
campo de control de longitud fija 991125c2014 sp fr p o 000 0 spa d
035 ## - NÚMERO DE CONTROL DEL SISTEMA
Número de control de sistema UPN01000205947
040 ## - FUENTE DE LA CATALOGACIÓN
Centro catalogador/agencia de origen MX-MxUPN
Lengua de catalogación spa
Centro/agencia transcriptor MX-MxUPN
Normas de descripción aacr2
049 ## - COLECCIÓN
Colección ART-E
100 1# - ASIENTO PRINCIPAL--NOMBRE PERSONAL
Nombre de persona Cristóbal Fransi, Eduard
100 1# - ASIENTO PRINCIPAL--NOMBRE PERSONAL
Filiación cfeduard@aege rn.udl.cat
100 1# - ASIENTO PRINCIPAL--NOMBRE PERSONAL
Nombre de persona Daries Ramon, Natalia
100 1# - ASIENTO PRINCIPAL--NOMBRE PERSONAL
Filiación ndaries@aegern.udl.cat
100 1# - ASIENTO PRINCIPAL--NOMBRE PERSONAL
Nombre de persona Baldomar, Juan Pablo
100 1# - ASIENTO PRINCIPAL--NOMBRE PERSONAL
Filiación jpbaldomar@jpbaldomar.com.ar
245 10 - MENCIÓN DE TÍTULO
Título Segmentación de los e-consumidores: un estudio aplicado a partir de las perspectivas de uso de Internet
506 0# - NOTA DE RESTRICCIONES AL ACCESO
Limitaciones de acceso Acceso abierto
520 3# - NOTA DE RESUMEN, ETC.
Sumario, etc. La segmentación de mercados se ha utilizado con bastante frecuencia en las investigaciones de marketing tradicionales pero todavía aparece como una materia relativamente novedosa si se busca su aplicación en el uso de las Tecnologías de la Comunicación y de la Información (TIC) en general y de Internet en particular. La presente investigación tiene como objetivo principal analizar el comportamiento del internauta según los principales usos que piensa hacer, en un futuro próximo, de las diferentes aplicaciones de Internet. A partir de una muestra de 700 individuos, se realizó un análisis factorial y cluster para clasificar a los usuarios en tres colectivos. Junto con la información demográfica y las perspectivas de uso de la Red, se hizo posible la elaboración de un perfil diferenciado para cada segmento. El análisis también permite extraer los principales factores en los que se recogen las diferentes actitudes frente al uso de la Red. En las conclusiones se presentan las reflexiones más significativas sobre los segmentos obtenidos y su implicación en la gestión, las limitaciones del estudio y las futuras líneas de investigación.
650 #4 - ASIENTO SECUNDARIO DE MATERIA - TERMINO TEMATICO
Término de materia o nombre geográfico como elemento de entrada Tecnologías de la información y comunicación
9 (RLIN) 21219
650 #4 - ASIENTO SECUNDARIO DE MATERIA - TERMINO TEMATICO
Término de materia o nombre geográfico como elemento de entrada Comportamiento del consumidor
9 (RLIN) 3037
650 #0 - ASIENTO SECUNDARIO DE MATERIA - TERMINO TEMATICO
Término de materia o nombre geográfico como elemento de entrada Posicionamiento (Publicidad)
9 (RLIN) 12580
653 0# - TERMINO DE INDIZACION - NO CONTROLADO
Término no controlado Uso de Internet
653 0# - TERMINO DE INDIZACION - NO CONTROLADO
Término no controlado Segmentación de mercado
773 ## - ENLACE AL DOCUMENTO FUENTE/ENTRADA DE REGISTRO ANFITRIÓN
Parte(s) relacionada(s) Vol. 14, no. 1 (2014), p. 33-55
Título Cuadernos de gestión
Número Internacional Normalizado para Publicaciones Seriadas 1988-2157
856 4# - LOCALIZACIÓN Y ACCESO ELECTRÓNICOS
Identificador Uniforme del Recurso <a href="https://ojs.ehu.eus/index.php/CG/article/view/18981">https://ojs.ehu.eus/index.php/CG/article/view/18981</a>
902 ## - ELEMENTOS DE DATOS B LOCAL, LDB (RLIN)
Creó Gloria Jiménez/050226
905 ## - TIPO DE MATERIAL
Tipo de material Articulo
942 ## - ELEMENTOS DE PUNTO DE ACCESO ADICIONAL (KOHA)
Tipo de ítem Koha Artículo Electrónico
Holdings
Estado de retiro Estado de pérdida Estado dañado No para préstamo Código de colección Localización permanente Ubicación/localización actual Ubicación en estantería Fecha de adquisición Total de préstamos Fecha visto por última vez Identificador Uniforme del Recurso Precio válido a partir de Tipo de ítem Koha
        Acceso abierto Bib. Gregorio Torres Quintero Bib. Gregorio Torres Quintero En línea 05/02/2026   05/02/2026 https://ojs.ehu.eus/index.php/CG/article/view/18981 05/02/2026 Artículo Electrónico